| 000 | 01072nam a2200229 a 4500 | ||
|---|---|---|---|
| 001 | 000015598 | ||
| 005 | 20200929164103.0 | ||
| 008 | 100215s1909 dr ac r 000 0 spa d | ||
| 040 |
_aDO-SdBNP _bspa _cBNPHU |
||
| 082 |
_a972.9304 _bE77e, 1909 |
||
| 100 | 1 |
_aEspaillat y Quiñones, Ulises Francisco, _d1823-1878. _935179 |
|
| 245 | 1 | 0 |
_aEscritos de Espaillat : _bArtículos cartas y documentos oficiales. |
| 260 |
_aSanto Domingo : _bSociedad Amante de la Luz, _c1909. _fLa Cuna de América. vda. Roques |
||
| 300 |
_axx, 443 p. : _bil., retr ; _c25 cm. |
||
| 500 | _aEdición hecha por iniciativa de la Sociedad Amantes de la Luz. Con el concurso Particular y del Estado | ||
| 590 | _aInventariado, 2018/VM | ||
| 600 | 1 | 4 |
_aEspaillat y Quiñones, Ulises Francisco _d1823-1878. _vCOLECCIONES DE ESCRITOS _935180 |
| 650 | 4 |
_aRepública dominicana _xPolítica y gobierno _y1844-1930 _935181 |
|
| 650 | 4 |
_aRepuública dominicana _xCorrespondencias, memorias, etc. _xHistoria _935182 |
|
| 650 | 4 |
_aLiteratura dominicana _xHistoria _91311 |
|
| 910 | _aValidado. Control de calidad MFF | ||
| 999 |
_c15153 _d15153 |
||